Finále kultúrneho leta Dni organovej hudby v Bratislave

Bibliographic Details
Main Author: Čárska, Etela, 1941- (Author)
Format: Article
Language:Slovak
Subjects:

MARC

LEADER 00000nab a2200000 a 4500
001 vtls000254640
003 SK-MaSNL
005 20260401043900.0
008 111130c1986 xo 0 slo
015 |a SNBRB19rr/mm-uuuuu 
035 |a CL0264754 
040 |a SNKBUCL  |b slo  |c SNKBUCL  |e AACR2 
041 0 |a slo 
044 |a xo  |c SK 
080 |a 78.091.4:786.6  |2 1981 
080 |a 786.6  |2 1981 
100 1 |a Čárska, Etela,  |d 1941-  |4 aut  |9 1635959 
245 1 0 |a Finále kultúrneho leta  |b Dni organovej hudby v Bratislave  |c Etela Čárska 
650 0 7 |a Dni organovej hudby 1986, Bratislava (prehliadka hudobná)  |2 snkbucl  |9 947219 
651 7 |a 5100  |2 snkbucl  |9 166206 
655 7 |a články z novín a časopisov  |2 snkbucl  |9 267496 
773 0 |t Práca  |g Roč. 41, č. 200 (26. 8. 1986), s. 6 
850 |a Slovenská národná knižnica v Martine  |a MTA001 
852 |a SNK  |b KIS3GCP 
958 |a RK 
992 |a RBX 
999 |c 1511221  |d 1513151